[Event "CZE-chT2A 1112"]
[Site "Czech Republic"]
[Date "2012.01.22"]
[Round "6"]
[White "Baumruk, Josef"]
[Black "Trcka, Vaclav"]
[Result "0-1"]
[WhiteElo "2005"]
[BlackElo "1884"]
[PlyCount "156"]
[EventDate "2011.10.09"]
[EventType "team-tourn"]
[EventRounds "11"]
[EventCountry "CZE"]
[SourceTitle "EXT 2013"]
[Source "ChessBase"]
[SourceDate "2012.11.22"]
[SourceVersion "1"]
[SourceVersionDate "2012.11.22"]
[SourceQuality "1"]
[WhiteTeam "Klatovy"]
[BlackTeam "Jindrichuv Hradec"]
[WhiteTeamCountry "CZE"]
[BlackTeamCountry "CZE"]

1. e4 c5 2. b3 Nc6 3. Bb2 e5 4. Bc4 d6 5. f4 Nf6 6. Nf3 Bg4 7. h3 Bxf3 8. Qxf3 Be7 9. Bb5 exf4 10. e5 dxe5 11. Bxc6+ bxc6 12. Qxc6+ Nd7 13. 0-0 0-0 14. Nc3 Re8 15. Ne4 Bf8 16. Rf3 Rc8 17. Qa4 Qc7 18. Re1 Nb6 19. Qa6 f6 20. c4 Nd7 21. Rd3 Nb8 22. Qa4 Red8 23. Rxd8 Rxd8 24. Bc3 Nc6 25. Qb5 Qb6 26. a4 Rb8 27. Qxb6 axb6 28. Kf2 Kf7 29. d3 h6 30. Nd2 Bd6 31. h4 g6 32. Ne4 Bc7 33. Bd2 Ra8 34. Nc3 Ne7 35. Nb5 Bd8 36. Nd6+ Kf8 37. g3 fxg3+ 38. Kxg3 Kg7 39. Ne8+ Kf7 40. Nd6+ Ke6 41. Nb5 Nf5+ 42. Kh3 h5 43. Rg1 Ne7 44. Bc3 Rc8 45. Rg2 Bc7 46. Nxc7+ Rxc7 47. a5 bxa5 48. Bxa5 Rd7 49. Rd2 Rb7 50. Rb2 Nc6 51. Bc3 Nb4 52. Rd2 Nc6 53. Rb2 g5 54. hxg5 fxg5 55. Kg3 Rd7 56. Rd2 Nd4 57. b4 Nf5+ 58. Kf2 cxb4 59. Bxb4 g4 60. c5 h4 61. Kg1 Nd4 62. Kg2 Nf3 63. Rd1 Kd5 64. Rc1 Kc6 65. Ra1 Kb5 66. Bc3 Rxd3 67. Ra5+ Kc6 68. Bb4 Nd4 69. Ra6+ Kd5 70. Rd6+ Ke4 71. c6 h3+ 72. Kh2 Nb5 73. Rg6 Kf5 74. Rg7 Rb3 75. Ba5 Rb2+ 76. Kg3 Rg2+ 77. Kh4 h2 78. Rf7+ Ke6 0-1

[Event "Tatry op"]
[Site "Tatranske Zruby"]
[Date "2008.09.30"]
[Round "5"]
[White "Baumruk, Josef"]
[Black "Nagy, Attila2222"]
[Result "0-1"]
[WhiteElo "2056"]
[BlackElo "2214"]
[PlyCount "88"]
[EventDate "2008.09.27"]
[EventType "swiss"]
[EventRounds "9"]
[EventCountry "SVK"]
[SourceTitle "CBM 126 Extra"]
[Source "ChessBase"]
[SourceDate "2008.11.05"]
[SourceVersion "1"]
[SourceVersionDate "2008.11.05"]
[SourceQuality "1"]

1. e4 c5 2. Nf3 Nc6 3. d4 cxd4 4. Nxd4 g6 5. Nc3 Bg7 6. Be3 Nf6 7. Be2 0-0 8. Qd2 d5 9. Nxc6 bxc6 10. Rd1 Qa5 11. 0-0 dxe4 12. Nxe4 Qxd2 13. Nxf6+ Bxf6 14. Rxd2 Bxb2 15. Bf3 Bf5 16. Bxc6 Rac8 17. Ba4 Bc3 18. Rd5 Be6 19. Rc5 Bxa2 20. Bb3 Bxb3 21. cxb3 Rxc5 22. Bxc5 a5 23. Rc1 Bd2 24. Rd1 Bb4 25. Bxb4 axb4 26. Rd4 Rb8 27. Kf1 e5 28. Re4 Rb5 29. f4 f5 30. Rxe5 Rxe5 31. fxe5 Kf7 32. Ke2 Ke6 33. Kd3 Kxe5 34. Kc4 f4 35. Kxb4 Kd4 36. Ka5 g5 37. h3 h5 38. b4 g4 39. hxg4 hxg4 40. b5 Kc5 41. b6 Kc6 42. Ka6 f3 43. gxf3 gxf3 44. b7 f2 0-1

[Event "Tatry op"]
[Site "Tatranske Zruby"]
[Date "2005.09.16"]
[Round "8"]
[White "Vesely, Tomas"]
[Black "Baumruk, Josef"]
[Result "1/2-1/2"]
[WhiteElo "2134"]
[BlackElo "2066"]
[PlyCount "120"]
[EventDate "2005.09.10"]
[EventType "swiss"]
[EventRounds "9"]
[EventCountry "SVK"]
[SourceTitle "CBM 108 Extra"]
[Source "ChessBase"]
[SourceDate "2005.11.04"]
[SourceVersion "1"]
[SourceVersionDate "2005.11.04"]
[SourceQuality "1"]

1. e4 Nf6 2. e5 Nd5 3. Nc3 c6 4. Nxd5 cxd5 5. d4 d6 6. exd6 Qxd6 7. Bd3 Nc6 8. c3 g6 9. Nf3 Bg7 10. 0-0 0-0 11. Bg5 Re8 12. Bh4 e5 13. Bg3 Bg4 14. h3 Bxf3 15. Qxf3 Qd7 16. dxe5 Nxe5 17. Bxe5 Rxe5 18. Bc2 Qb5 19. Bb3 Qe2 20. Bxd5 Qxf3 21. Bxf3 Rb5 22. Rab1 Rd8 23. a4 Rb6 24. Rfd1 Rxd1+ 25. Rxd1 Rxb2 26. Rd8+ Bf8 27. Bd5 Kg7 28. Rd7 Bc5 29. Rxf7+ Kh8 30. Bxb7 Rc2 31. Rf3 Rc1+ 32. Kh2 Rf1 33. g4 Rxf2+ 34. Rxf2 Bxf2 35. Kg2 Bb6 36. Kf3 Kg7 37. Ke4 Kf6 38. Kd5 Ke7 39. c4 h5 40. c5 Bc7 41. g5 Bf4 42. c6 h4 43. Ke4 Bc7 44. Bc8 Bg3 45. Kf3 Be1 46. Kg4 Bg3 47. Ba6 Kd6 48. Bb5 Kd5 49. c7 Bxc7 50. Be8 Bg3 51. Bxg6 Ke6 52. Kh5 Ke7 53. Kh6 Kf8 54. Be4 Be5 55. Kh5 Bg3 56. Kg6 Be1 57. Bd5 Bf2 58. Kh7 Be1 59. g6 Bc3 60. Kh6 Bd4 1/2-1/2

[Event "CZE-chT2a 0405"]
[Site "Czech Republic"]
[Date "2005.03.06"]
[Round "9.8"]
[White "Baumruk, Josef"]
[Black "Vachulka, Miloslav"]
[Result "1-0"]
[WhiteElo "2062"]
[BlackElo "1665"]
[PlyCount "73"]
[EventDate "2004.10.17"]
[EventType "team"]
[EventRounds "11"]
[EventCountry "CZE"]
[SourceTitle "EXT 2007"]
[Source "ChessBase"]
[SourceDate "2006.11.23"]
[SourceVersion "1"]
[SourceVersionDate "2006.11.23"]
[SourceQuality "1"]
[WhiteTeam "Klatovy"]
[BlackTeam "Habartov"]
[WhiteTeamCountry "CZE"]
[BlackTeamCountry "CZE"]

1. e4 c5 2. Nf3 e6 3. d4 cxd4 4. Nxd4 a6 5. Be2 Nc6 6. 0-0 Be7 7. Be3 Nf6 8. Nd2 0-0 9. c4 d6 10. Kh1 Ne8 11. f4 f6 12. f5 exf5 13. exf5 Nc7 14. Nxc6 bxc6 15. Bd3 Re8 16. Qh5 Bf8 17. Rf3 Qe7 18. Rh3 h6 19. Rf1 Qf7 20. Qh4 Re7 21. Qg3 Kh8 22. Ne4 Rxe4 23. Bxe4 Qxc4 24. Qf3 d5 25. Bb1 Bd7 26. Qd1 Re8 27. Rf4 Qb5 28. b3 g5 29. Rf1 Kg7 30. Rg1 Qb4 31. Qh5 Kh8 32. Qg6 Bg7 33. Rxh6+ Bxh6 34. Qxh6+ Kg8 35. Qg6+ Kh8 36. Qxf6+ Kh7 37. Qf7+ 1-0

[Event "Klatovy op-A"]
[Site "Klatovy"]
[Date "2002.??.??"]
[Round "?"]
[White "Hercik, Josef"]
[Black "Baumruk, Josef"]
[Result "1/2-1/2"]
[WhiteElo "1950"]
[BlackElo "2020"]
[PlyCount "105"]
[EventDate "2002.??.??"]
[EventType "swiss"]
[EventRounds "9"]
[EventCountry "CZE"]
[SourceTitle "EXT 2005"]
[Source "ChessBase"]
[SourceDate "2004.11.15"]
[SourceVersion "1"]
[SourceVersionDate "2004.11.15"]
[SourceQuality "1"]

1. e4 Nf6 2. e5 Nd5 3. c4 Nb6 4. d4 d6 5. exd6 exd6 6. Bd3 Nc6 7. Be3 g6 8. Nd2 Bg7 9. Ne2 0-0 10. Rc1 Re8 11. 0-0 Bg4 12. Nf3 Bxf3 13. gxf3 Qh4 14. Bb1 d5 15. b3 dxc4 16. bxc4 Rad8 17. f4 Qg4+ 18. Ng3 Qxd1 19. Rfxd1 Nxd4 20. c5 Nc8 21. Bxd4 Bxd4 22. Be4 c6 23. Kg2 f5 24. Bf3 Bb2 25. Rxd8 Rxd8 26. Rb1 Ba3 27. Rxb7 Bxc5 28. Rb8 Bd6 29. Ra8 Bxf4 30. Bxc6 Bc7 31. Bb7 Nd6 32. Bd5+ Kf8 33. Rxa7 Nb5 34. Ra8 Rxa8 35. Bxa8 Nc3 36. a3 Bd6 37. Kf3 Bxa3 38. Ne2 Nd1 39. Kg2 Bc5 40. Nf4 Ke7 41. Nd3 Bd6 42. h3 g5 43. Kf3 Kf6 44. Bc6 h5 45. Bd7 h4 46. Bc8 Nc3 47. Bb7 Nb5 48. Bc8 Nd4+ 49. Kg2 f4 50. Ne1 Bb4 51. Nf3 Nb5 52. Bg4 Nc3 53. Nd2 1/2-1/2

[Event "Klatovy op-A"]
[Site "Klatovy"]
[Date "2001.??.??"]
[Round "?"]
[White "Mejzlik, Vojtech"]
[Black "Baumruk, Josef"]
[Result "1/2-1/2"]
[WhiteElo "1890"]
[BlackElo "2085"]
[PlyCount "83"]
[EventDate "2001.07.??"]
[EventType "swiss"]
[EventRounds "9"]
[EventCountry "CZE"]
[SourceTitle "EXT 2006"]
[Source "ChessBase"]
[SourceDate "2005.11.24"]
[SourceVersion "1"]
[SourceVersionDate "2005.11.24"]
[SourceQuality "1"]

1. c4 Nf6 2. Nc3 g6 3. g3 Bg7 4. Bg2 d6 5. e4 c5 6. d3 0-0 7. Nge2 Nc6 8. 0-0 Nh5 9. f4 f5 10. Be3 Nd4 11. Bxd4 cxd4 12. Nb5 a6 13. Na3 e5 14. exf5 gxf5 15. Qb3 Kh8 16. Rac1 Qc7 17. Rfe1 Qf7 18. Nc2 Rb8 19. Qa3 Qg6 20. Nb4 Nf6 21. c5 Ng4 22. Nd5 dxc5 23. Qxc5 Be6 24. Ne7 Qh6 25. h3 Ne3 26. fxe5 Nxg2 27. Kxg2 f4 28. Nxf4 Rxf4 29. gxf4 Qxh3+ 30. Kf2 Qh4+ 31. Kf3 Rf8 32. Qxd4 Qxe7 33. Ke2 Bxa2 34. Rh1 Be6 35. Rcg1 Bf5 36. Rg5 h6 37. Rg3 Rc8 38. Qg1 Kh7 39. Rh5 Rf8 40. Qb6 Qd7 41. Qg1 b5 42. b4 1/2-1/2

[Event "Klatovy op-A"]
[Site "Klatovy"]
[Date "2001.??.??"]
[Round "?"]
[White "Vedral, Oldrich"]
[Black "Baumruk, Josef"]
[Result "1/2-1/2"]
[WhiteElo "1870"]
[BlackElo "2085"]
[PlyCount "21"]
[EventDate "2001.07.??"]
[EventType "swiss"]
[EventRounds "9"]
[EventCountry "CZE"]
[SourceTitle "EXT 2006"]
[Source "ChessBase"]
[SourceDate "2005.11.24"]
[SourceVersion "1"]
[SourceVersionDate "2005.11.24"]
[SourceQuality "1"]

1. d4 Nf6 2. Nf3 c5 3. g3 cxd4 4. Nxd4 Nc6 5. Bg2 g6 6. 0-0 Bg7 7. c3 0-0 8. e4 Nxd4 9. cxd4 d5 10. e5 Ne8 11. Nc3 1/2-1/2

[Event "Klatovy op-B"]
[Site "Klatovy"]
[Date "2000.??.??"]
[Round "?"]
[White "Konig, Vlastislav"]
[Black "Baumruk, Josef"]
[Result "0-1"]
[WhiteElo "1660"]
[BlackElo "1940"]
[PlyCount "36"]
[EventDate "2000.??.??"]
[EventType "swiss"]
[EventRounds "9"]
[EventCountry "CZE"]
[SourceTitle "EXT 2003"]
[Source "ChessBase"]
[SourceDate "2002.11.25"]
[SourceVersion "1"]
[SourceVersionDate "2002.11.25"]
[SourceQuality "1"]

1. e4 c5 2. d4 cxd4 3. c3 dxc3 4. Nxc3 Nc6 5. Nf3 e6 6. Bc4 Nf6 7. 0-0 Qc7 8. Nb5 Qb8 9. e5 Nxe5 10. Nxe5 Qxe5 11. Re1 Qc5 12. Bf4 Qxc4 13. Nd6+ Bxd6 14. Bxd6 Qd5 15. Qxd5 Nxd5 16. Rac1 b6 17. Rc2 Bb7 18. Rec1 f6 0-1